[Event "DEM U10 2024"]
[Site "Willingen GER"]
[Date "2024.05.20"]
[Round "3"]
[White "Dutta, Nikhil"]
[Black "Stojanoski, Stefan"]
[Result "1/2-1/2"]
[Termination "normal"]
[Board "18"]
[WhiteElo "1283"]
[BlackElo "1638"]
[WhiteClock "01:02:30"]
[BlackClock "00:54:01"]
[PlyCount "91"]
[WhiteFideId "34665501"]
[BlackFideId "34632948"]
[EventCountry "GER"]
[EventRounds "11"]
[EventType "swiss"]
[EventDate "2024.05.18"]

1. e4 {[%clk 01:15:59]} e5 {[%clk 01:15:55]} {[%emt 00:00:05]} 2. Nf3 {[%clk
01:16:25]} {[%emt 00:00:04]} Nc6 {[%clk 01:16:21]} {[%emt 00:00:04]} 3. d4
{[%clk 01:16:49]} {[%emt 00:00:06]} exd4 {[%clk 01:16:43]} {[%emt 00:00:08]} 4.
Nxd4 {[%clk 01:17:13]} {[%emt 00:00:06]} Bc5 {[%clk 01:17:08]} {[%emt
00:00:06]} 5. Nb3 {[%clk 01:17:35]} {[%emt 00:00:08]} Bb6 {[%clk 01:17:07]}
{[%emt 00:00:31]} 6. Nc3 {[%clk 01:17:55]} {[%emt 00:00:10]} Nf6 {[%clk
01:17:20]} {[%emt 00:00:17]} 7. Bg5 {[%clk 01:17:55]} {[%emt 00:00:29]} h6
{[%clk 01:17:41]} {[%emt 00:00:09]} 8. Bf4 {[%clk 01:17:45]} {[%emt 00:00:39]}
O-O {[%clk 01:17:55]} {[%emt 00:00:19]} 9. Qd2 {[%clk 01:17:54]} {[%emt
00:00:20]} Re8 {[%clk 01:17:27]} {[%emt 00:00:58]} 10. Bd3 {[%clk 01:17:29]}
{[%emt 00:00:53]} d5 {[%clk 01:17:18]} {[%emt 00:00:42]} 11. f3 {[%clk
01:17:40]} {[%emt 00:00:18]} dxe4 {[%clk 01:15:46]} {[%emt 00:02:02]} 12. Nxe4
{[%clk 01:17:44]} {[%emt 00:00:24]} Bf5 {[%clk 01:15:04]} {[%emt 00:01:13]} 13.
Qe2 {[%clk 01:16:42]} {[%emt 00:01:31]} Nb4 {[%clk 01:14:35]} {[%emt 00:01:01]}
14. a3 {[%clk 01:12:13]} {[%emt 00:04:59]} Nxd3+ {[%clk 01:13:58]} {[%emt
00:01:06]} 15. cxd3 {[%clk 01:10:41]} {[%emt 00:02:02]} Nd5 {[%clk 01:12:27]}
{[%emt 00:02:02]} 16. Bg3 {[%clk 01:09:58]} {[%emt 00:01:11]} Nf6 {[%clk
01:09:35]} {[%emt 00:03:24]} 17. Rd1 {[%clk 01:09:15]} {[%emt 00:01:11]} a5
{[%clk 01:07:28]} {[%emt 00:02:38]} 18. Bf2 {[%clk 01:08:22]} {[%emt 00:01:23]}
Be6 {[%clk 01:04:17]} {[%emt 00:03:42]} 19. Nc1 {[%clk 01:07:29]} {[%emt
00:01:21]} a4 {[%clk 01:03:20]} {[%emt 00:01:29]} 20. O-O {[%clk 01:06:17]}
{[%emt 00:01:42]} Bxf2+ {[%clk 01:02:49]} {[%emt 00:01:00]} 21. Qxf2 {[%clk
01:06:12]} {[%emt 00:00:35]} Nxe4 {[%clk 01:01:44]} {[%emt 00:01:35]} 22. dxe4
{[%clk 01:05:50]} {[%emt 00:00:52]} Qf6 {[%clk 01:01:04]} {[%emt 00:01:05]} 23.
Nd3 {[%clk 01:04:07]} {[%emt 00:02:18]} Bb3 {[%clk 01:00:41]} {[%emt 00:00:49]}
24. Rc1 {[%clk 01:04:01]} {[%emt 00:00:40]} c6 {[%clk 00:59:45]} {[%emt
00:01:27]} 25. Nc5 {[%clk 01:04:07]} {[%emt 00:00:23]} b5 {[%clk 00:54:29]}
{[%emt 00:05:47]} 26. Nxb3 {[%clk 01:03:23]} {[%emt 00:01:14]} axb3 {[%clk
00:54:18]} {[%emt 00:00:40]} 27. Rc3 {[%clk 01:03:15]} {[%emt 00:00:38]} Qe6
{[%clk 00:54:33]} {[%emt 00:00:15]} 28. Rfc1 {[%clk 01:03:21]} {[%emt
00:00:25]} Rac8 {[%emt 00:01:08]} 29. Qb6 {[%clk 01:03:02]} {[%emt 00:00:08]}
f5 {[%clk 00:51:43]} {[%emt 00:03:22]} 30. exf5 {[%clk 01:02:15]} {[%emt
00:01:18]} Qxf5 {[%clk 00:50:55]} {[%emt 00:01:18]} 31. Rxc6 {[%clk 01:02:07]}
{[%emt 00:00:38]} Rxc6 {[%clk 00:51:20]} {[%emt 00:00:04]} 32. Qxc6 {[%clk
01:02:23]} {[%emt 00:00:14]} Qe5 {[%clk 00:51:31]} {[%emt 00:00:16]} 33. Qc3
{[%clk 01:00:40]} {[%emt 00:02:01]} Qe3+ {[%clk 00:50:40]} {[%emt 00:01:37]}
34. Qxe3 {[%clk 01:00:39]} {[%emt 00:00:31]} Rxe3 {[%clk 00:51:00]} {[%emt
00:00:10]} 35. Kf2 {[%clk 01:00:42]} {[%emt 00:00:27]} Rd3 {[%clk 00:51:19]}
{[%emt 00:00:11]} 36. Ke2 {[%clk 01:01:03]} {[%emt 00:00:09]} Rd4 {[%clk
00:51:24]} {[%emt 00:00:24]} 37. Rc3 {[%clk 01:00:47]} {[%emt 00:00:46]} Rd5
{[%clk 00:51:03]} {[%emt 00:00:51]} 38. Rd3 {[%clk 01:00:52]} {[%emt 00:00:25]}
Rc5 {[%clk 00:51:16]} {[%emt 00:00:18]} 39. Rxb3 {[%clk 01:00:57]} {[%emt
00:00:24]} Rc2+ {[%clk 00:51:41]} {[%emt 00:00:04]} 40. Ke3 {[%clk 01:01:10]}
{[%emt 00:00:17]} Rxg2 {[%clk 00:52:06]} {[%emt 00:00:06]} 41. Rxb5 {[%clk
01:01:31]} {[%emt 00:00:09]} Rxh2 {[%clk 00:52:25]} {[%emt 00:00:10]} 42. a4
{[%clk 01:01:52]} {[%emt 00:00:10]} Rh4 {[%clk 00:52:46]} {[%emt 00:00:07]} 43.
a5 {[%clk 01:02:06]} {[%emt 00:00:18]} Ra4 {[%clk 00:53:12]} {[%emt 00:00:03]}
44. b3 {[%clk 01:02:09]} {[%emt 00:00:27]} Ra3 {[%clk 00:53:35]} {[%emt
00:00:07]} 45. Rb8+ {[%clk 01:02:30]} {[%emt 00:00:08]} Kh7 {[%clk 00:54:01]}
{[%emt 00:00:04]} 46. Rb5 {[%emt 00:00:50]} 1/2-1/2

[Event "DEM U10 2024"]
[Site "Willingen GER"]
[Date "2024.05.20"]
[Round "3"]
[White "Kjulbassanoff, Kilian"]
[Black "Nikolic, Luka"]
[Result "1-0"]
[Termination "normal"]
[Board "19"]
[WhiteElo "1411"]
[BlackElo "1145"]
[WhiteClock "00:27:58"]
[BlackClock "00:25:41"]
[PlyCount "115"]
[WhiteFideId "533001804"]
[BlackFideId "34655123"]
[EventCountry "GER"]
[EventRounds "11"]
[EventType "swiss"]
[EventDate "2024.05.18"]

1. d4 {[%clk 01:15:58]} {[%emt 00:00:02]} Nf6 {[%clk 01:15:56]} {[%emt
00:00:04]} 2. c4 {[%clk 01:16:23]} {[%emt 00:00:05]} g6 {[%clk 01:16:22]}
{[%emt 00:00:05]} 3. Nc3 {[%clk 01:16:49]} {[%emt 00:00:04]} Bg7 {[%clk
01:16:43]} {[%emt 00:00:09]} 4. e4 {[%clk 01:17:14]} {[%emt 00:00:05]} O-O
{[%clk 01:16:13]} {[%emt 00:00:59]} 5. e5 {[%clk 01:17:40]} {[%emt 00:00:05]}
Ne8 {[%clk 01:16:36]} {[%emt 00:00:07]} 6. f4 {[%clk 01:17:56]} {[%emt
00:00:13]} d6 {[%clk 01:16:56]} {[%emt 00:00:10]} 7. Nf3 {[%clk 01:18:15]}
{[%emt 00:00:11]} b6 {[%clk 01:16:24]} {[%emt 00:01:03]} 8. Be2 {[%clk
01:18:28]} {[%emt 00:00:16]} c5 {[%clk 01:16:31]} {[%emt 00:00:24]} 9. dxc5
{[%clk 01:18:14]} {[%emt 00:00:44]} bxc5 {[%clk 01:16:49]} {[%emt 00:00:12]}
10. O-O {[%clk 01:17:51]} {[%emt 00:00:52]} Nc7 {[%clk 01:16:22]} {[%emt
00:00:57]} 11. Be3 {[%clk 01:14:16]} {[%emt 00:04:04]} Bb7 {[%clk 01:12:07]}
{[%emt 00:04:47]} 12. Qd2 {[%clk 01:01:51]} {[%emt 00:12:54]} Nc6 {[%clk
01:11:03]} {[%emt 00:01:34]} 13. exd6 {[%clk 00:59:02]} {[%emt 00:03:19]} exd6
{[%clk 01:08:51]} {[%emt 00:02:43]} 14. Rad1 {[%clk 00:46:10]} {[%emt
00:13:21]} Re8 {[%clk 01:04:50]} {[%emt 00:04:32]} 15. Bd3 {[%clk 00:44:33]}
{[%emt 00:02:08]} Qd7 {[%clk 00:51:56]} {[%emt 00:13:24]} 16. Bb1 {[%clk
00:42:22]} {[%emt 00:02:41]} Bf8 {[%clk 00:44:21]} {[%emt 00:08:04]} 17. Bxc5
{[%clk 00:42:17]} {[%emt 00:00:34]} Rad8 {[%clk 00:42:36]} {[%emt 00:02:16]}
18. Bf2 {[%clk 00:39:51]} {[%emt 00:02:56]} Bh6 {[%clk 00:39:47]} {[%emt
00:03:19]} 19. Bh4 {[%clk 00:35:56]} {[%emt 00:04:23]} Ne7 {[%clk 00:35:31]}
{[%emt 00:04:48]} 20. Ne4 {[%clk 00:32:51]} {[%emt 00:03:34]} Bxe4 {[%clk
00:32:42]} {[%emt 00:03:19]} 21. Bxe4 {[%clk 00:33:12]} {[%emt 00:00:09]} f5
{[%clk 00:29:07]} {[%emt 00:04:05]} 22. Bc2 {[%clk 00:31:58]} {[%emt 00:01:44]}
Bg7 {[%clk 00:28:23]} {[%emt 00:01:15]} 23. Bb3 {[%clk 00:30:39]} {[%emt
00:01:48]} Qc6 {[%clk 00:27:48]} {[%emt 00:01:07]} 24. Rfe1 {[%clk 00:28:20]}
{[%emt 00:02:48]} Kf8 {[%clk 00:26:41]} {[%emt 00:01:38]} 25. Ng5 {[%clk
00:26:51]} {[%emt 00:01:57]} h6 {[%clk 00:25:45]} {[%emt 00:01:27]} 26. Ne6+
{[%clk 00:25:18]} {[%emt 00:02:02]} Nxe6 {[%clk 00:25:59]} {[%emt 00:00:16]}
27. Rxe6 {[%clk 00:25:44]} {[%emt 00:00:04]} Kf7 {[%clk 00:24:52]} {[%emt
00:01:38]} 28. Rde1 {[%clk 00:25:19]} {[%emt 00:00:55]} Rd7 {[%clk 00:23:48]}
{[%emt 00:01:35]} 29. Qe3 {[%clk 00:23:24]} {[%emt 00:02:24]} Qc7 {[%clk
00:23:34]} {[%emt 00:00:44]} 30. Ba4 {[%clk 00:23:05]} {[%emt 00:00:48]} Qxc4
{[%clk 00:22:45]} {[%emt 00:01:19]} 31. Bb3 {[%clk 00:22:36]} {[%emt 00:00:59]}
Nd5 {[%clk 00:20:45]} {[%emt 00:02:31]} 32. Bxc4 {[%clk 00:22:49]} {[%emt
00:00:17]} Nxe3 {[%clk 00:21:08]} {[%emt 00:00:07]} 33. R1xe3 {[%clk 00:22:49]}
{[%emt 00:00:30]} d5 {[%clk 00:21:06]} {[%emt 00:00:32]} 34. Rxe8 {[%clk
00:23:04]} {[%emt 00:00:14]} Bd4 {[%clk 00:21:31]} {[%emt 00:00:06]} 35. Bb3
{[%clk 00:22:44]} {[%emt 00:00:50]} g5 {[%clk 00:21:26]} {[%emt 00:00:35]} 36.
fxg5 {[%clk 00:22:39]} {[%emt 00:00:34]} f4 {[%clk 00:21:50]} {[%emt 00:00:06]}
37. gxh6 {[%clk 00:22:06]} {[%emt 00:01:03]} Bxe3+ {[%clk 00:21:56]} {[%emt
00:00:25]} 38. Rxe3 {[%clk 00:22:27]} {[%emt 00:00:09]} fxe3 {[%clk 00:22:22]}
{[%emt 00:00:04]} 39. h7 {[%clk 00:22:18]} {[%emt 00:00:39]} Kg7 {[%clk
00:20:25]} {[%emt 00:02:27]} 40. Bc2 {[%clk 00:22:39]} {[%emt 00:00:08]} d4
{[%clk 00:20:29]} {[%emt 00:00:27]} 41. Bf6+ {[%clk 00:22:54]} {[%emt
00:00:15]} Kxf6 {[%clk 00:20:15]} {[%emt 00:00:44]} 42. h8=Q+ {[%clk 00:23:20]}
{[%emt 00:00:05]} Ke6 {[%clk 00:20:29]} {[%emt 00:00:15]} 43. Bf5+ {[%clk
00:23:27]} {[%emt 00:00:22]} Kxf5 {[%clk 00:20:33]} {[%emt 00:00:26]} 44. Qh3+
{[%clk 00:23:52]} {[%emt 00:00:06]} Ke4 {[%clk 00:20:52]} {[%emt 00:00:11]} 45.
Qxd7 {[%clk 00:24:16]} {[%emt 00:00:06]} e2 {[%clk 00:21:13]} {[%emt 00:00:10]}
46. Kf2 {[%clk 00:24:29]} {[%emt 00:00:17]} d3 {[%clk 00:21:30]} {[%emt
00:00:13]} 47. Qxa7 {[%clk 00:24:27]} {[%emt 00:00:31]} e1=Q+ {[%clk 00:21:41]}
{[%emt 00:00:18]} 48. Kxe1 {[%clk 00:24:49]} {[%emt 00:00:09]} d2+ {[%clk
00:22:09]} {[%emt 00:00:02]} 49. Kxd2 {[%clk 00:25:05]} {[%emt 00:00:14]} Kf5
{[%clk 00:22:36]} {[%emt 00:00:04]} 50. Qe3 {[%clk 00:25:16]} {[%emt 00:00:18]}
Kg6 {[%clk 00:22:59]} {[%emt 00:00:07]} 51. Qf4 {[%clk 00:25:39]} {[%emt
00:00:07]} Kg7 {[%clk 00:23:22]} {[%emt 00:00:06]} 52. Qf5 {[%clk 00:26:01]}
{[%emt 00:00:09]} Kh8 {[%clk 00:23:46]} {[%emt 00:00:06]} 53. Qg5 {[%clk
00:26:25]} {[%emt 00:00:05]} Kh7 {[%clk 00:24:01]} {[%emt 00:00:14]} 54. Ke3
{[%clk 00:26:51]} {[%emt 00:00:04]} Kh8 {[%clk 00:24:27]} {[%emt 00:00:05]} 55.
Kf4 {[%clk 00:27:18]} {[%emt 00:00:03]} Kh7 {[%clk 00:24:56]} {[%emt 00:00:01]}
56. Kf5 {[%clk 00:27:34]} {[%emt 00:00:13]} Kh8 {[%clk 00:25:19]} {[%emt
00:00:07]} 57. Kf6 {[%clk 00:28:02]} {[%emt 00:00:03]} Kh7 {[%clk 00:25:41]}
{[%emt 00:00:09]} 58. Qg7+ {[%clk 00:27:58]} {[%emt 00:00:03]} 1-0

[Event "DEM U10 2024"]
[Site "Willingen GER"]
[Date "2024.05.20"]
[Round "3"]
[White "Elli, Emeric"]
[Black "Liu, Jonas"]
[Result "0-1"]
[Termination "normal"]
[Board "20"]
[WhiteElo "1164"]
[BlackElo "1632"]
[WhiteClock "00:38:12"]
[BlackClock "00:37:09"]
[PlyCount "48"]
[WhiteFideId "533001790"]
[BlackFideId "34660941"]
[EventCountry "GER"]
[EventRounds "11"]
[EventType "swiss"]
[EventDate "2024.05.18"]

1. e4 {[%clk 01:15:59]} c5 {[%clk 01:15:45]} {[%emt 00:00:16]} 2. Nc3 {[%clk
01:16:04]} {[%emt 00:00:23]} Nc6 {[%clk 01:15:56]} {[%emt 00:00:20]} 3. d3
{[%clk 01:15:46]} {[%emt 00:00:48]} g6 {[%clk 01:15:33]} {[%emt 00:00:52]} 4.
g3 {[%clk 01:15:38]} {[%emt 00:00:38]} Bg7 {[%clk 01:15:38]} {[%emt 00:00:26]}
5. Bg2 {[%clk 01:15:54]} {[%emt 00:00:14]} Nf6 {[%clk 01:15:40]} {[%emt
00:00:28]} 6. Nf3 {[%clk 01:15:22]} {[%emt 00:01:00]} d6 {[%clk 01:15:46]}
{[%emt 00:00:26]} 7. Be3 {[%clk 01:15:00]} {[%emt 00:00:52]} O-O {[%clk
01:14:16]} {[%emt 00:01:55]} 8. Qd2 {[%clk 01:14:14]} {[%emt 00:01:22]} Ng4
{[%clk 01:13:03]} {[%emt 00:01:43]} 9. O-O {[%clk 01:14:06]} {[%emt 00:00:36]}
Nxe3 {[%clk 01:13:11]} {[%emt 00:00:23]} 10. Qxe3 {[%clk 01:13:50]} {[%emt
00:00:45]} Nd4 {[%clk 01:08:30]} {[%emt 00:05:12]} 11. Ne1 {[%clk 01:12:52]}
{[%emt 00:01:28]} b5 {[%clk 01:07:05]} {[%emt 00:01:56]} 12. e5 {[%clk
01:07:15]} {[%emt 00:06:04]} Rb8 {[%clk 01:05:43]} {[%emt 00:01:54]} 13. exd6
{[%clk 01:05:19]} {[%emt 00:02:26]} exd6 {[%clk 01:03:48]} {[%emt 00:02:24]}
14. Qd2 {[%clk 00:59:50]} {[%emt 00:06:00]} Re8 {[%clk 01:00:11]} {[%emt
00:04:06]} 15. Ne4 {[%clk 00:58:58]} {[%emt 00:01:22]} f5 {[%clk 00:57:31]}
{[%emt 00:03:10]} 16. Nc3 {[%clk 00:57:56]} {[%emt 00:01:32]} b4 {[%clk
00:57:08]} {[%emt 00:00:54]} 17. Nd5 {[%clk 00:56:50]} {[%emt 00:01:35]} Ne2+
{[%clk 00:49:06]} {[%emt 00:08:32]} 18. Kh1 {[%clk 00:56:29]} {[%emt 00:00:51]}
Bxb2 {[%clk 00:48:47]} {[%emt 00:00:50]} 19. Rb1 {[%clk 00:55:58]} {[%emt
00:01:00]} Bg7 {[%clk 00:45:14]} {[%emt 00:04:01]} 20. Nf3 {[%clk 00:46:24]}
{[%emt 00:10:06]} Nc3 {[%clk 00:44:21]} {[%emt 00:01:24]} 21. Nxc3 {[%clk
00:43:31]} {[%emt 00:03:23]} Bxc3 {[%clk 00:43:32]} {[%emt 00:01:15]} 22. Qf4
{[%clk 00:42:14]} {[%emt 00:01:50]} Re2 {[%clk 00:37:32]} {[%emt 00:06:30]} 23.
Qc4+ {[%clk 00:40:01]} {[%emt 00:02:39]} Be6 {[%clk 00:37:09]} {[%emt
00:00:58]} 24. Qa6 {[%clk 00:38:12]} {[%emt 00:02:18]} Rxc2 {[%emt 00:21:39]}
0-1

[Event "DEM U10 2024"]
[Site "Willingen GER"]
[Date "2024.05.20"]
[Round "3"]
[White "Löffelholz, Jonas"]
[Black "Menke, Xaver Louis"]
[Result "1/2-1/2"]
[Termination "normal"]
[Board "22"]
[WhiteElo "1126"]
[BlackElo "1324"]
[WhiteClock "01:06:40"]
[BlackClock "00:46:31"]
[PlyCount "57"]
[WhiteFideId "34616101"]
[BlackFideId "34663134"]
[EventCountry "GER"]
[EventRounds "11"]
[EventType "swiss"]
[EventDate "2024.05.18"]

1. e4 {[%clk 01:15:59]} {[%emt 00:00:01]} e5 {[%clk 01:14:45]} {[%emt
00:01:16]} 2. Nf3 {[%clk 01:16:22]} {[%emt 00:00:06]} Nc6 {[%clk 01:14:00]}
{[%emt 00:01:14]} 3. Bb5 {[%clk 01:16:46]} {[%emt 00:00:07]} a6 {[%clk
01:13:30]} {[%emt 00:01:00]} 4. Ba4 {[%clk 01:17:10]} {[%emt 00:00:06]} Nf6
{[%clk 01:12:54]} {[%emt 00:01:06]} 5. d3 {[%clk 01:17:31]} {[%emt 00:00:09]}
Be7 {[%clk 01:12:03]} {[%emt 00:01:21]} 6. c3 {[%clk 01:17:54]} {[%emt
00:00:07]} O-O {[%clk 01:11:20]} {[%emt 00:01:12]} 7. O-O {[%clk 01:18:18]}
{[%emt 00:00:06]} b5 {[%clk 01:10:22]} {[%emt 00:01:28]} 8. Bc2 {[%clk
01:18:41]} {[%emt 00:00:08]} h6 {[%clk 01:07:07]} {[%emt 00:03:45]} 9. Re1
{[%clk 01:18:51]} {[%emt 00:00:20]} d6 {[%clk 01:05:52]} {[%emt 00:01:46]} 10.
h3 {[%clk 01:19:14]} {[%emt 00:00:06]} Na7 {[%clk 01:05:05]} {[%emt 00:01:18]}
11. d4 {[%clk 01:19:20]} {[%emt 00:00:24]} Nd7 {[%clk 01:04:21]} {[%emt
00:01:13]} 12. Nbd2 {[%clk 01:18:46]} {[%emt 00:01:05]} c5 {[%clk 01:04:32]}
{[%emt 00:00:19]} 13. Nf1 {[%clk 01:19:07]} {[%emt 00:00:08]} Rb8 {[%clk
01:03:41]} {[%emt 00:01:19]} 14. d5 {[%clk 01:18:51]} {[%emt 00:00:49]} Nb6
{[%clk 01:01:10]} {[%emt 00:03:00]} 15. b3 {[%clk 01:18:47]} {[%emt 00:00:35]}
Qe8 {[%clk 00:59:11]} {[%emt 00:02:29]} 16. Ng3 {[%clk 01:18:53]} {[%emt
00:00:24]} Bd8 {[%clk 00:58:30]} {[%emt 00:01:11]} 17. Nf5 {[%clk 01:18:58]}
{[%emt 00:00:20]} Bxf5 {[%clk 00:58:30]} {[%emt 00:00:36]} 18. exf5 {[%clk
01:19:22]} {[%emt 00:00:06]} f6 {[%clk 00:58:27]} {[%emt 00:00:31]} 19. Nh4
{[%clk 01:19:37]} {[%emt 00:00:15]} Qf7 {[%clk 00:54:50]} {[%emt 00:04:08]} 20.
Qg4 {[%clk 01:19:16]} {[%emt 00:00:49]} Kh7 {[%clk 00:54:34]} {[%emt 00:00:49]}
21. Re3 {[%clk 01:17:47]} {[%emt 00:01:57]} Nxd5 {[%clk 00:53:53]} {[%emt
00:01:11]} 22. Rg3 {[%clk 01:17:36]} {[%emt 00:00:38]} Bc7 {[%clk 00:50:30]}
{[%emt 00:03:56]} 23. Ng6 {[%clk 01:16:17]} {[%emt 00:01:47]} Rfe8 {[%clk
00:50:06]} {[%emt 00:00:56]} 24. b4 {[%clk 01:13:49]} {[%emt 00:03:00]} c4
{[%clk 00:50:02]} {[%emt 00:00:33]} 25. Be4 {[%clk 01:13:14]} {[%emt 00:00:50]}
Nb6 {[%clk 00:50:08]} {[%emt 00:00:40]} 26. Be3 {[%clk 01:13:22]} {[%emt
00:00:16]} Nac8 {[%clk 00:46:32]} {[%emt 00:04:10]} 27. Qh5 {[%clk 01:13:05]}
{[%emt 00:00:41]} d5 {[%clk 00:46:19]} {[%emt 00:00:50]} 28. Bxb6 {[%clk
01:09:56]} {[%emt 00:03:39]} Nxb6 {[%clk 00:46:31]} {[%emt 00:00:19]} 29. Bc2
{[%clk 01:06:40]} {[%emt 00:03:44]} 1/2-1/2

[Event "DEM U10 2024"]
[Site "Willingen GER"]
[Date "2024.05.20"]
[Round "3"]
[White "Egert, Niilo"]
[Black "Katzenstein, Alexander"]
[Result "1/2-1/2"]
[Termination "normal"]
[Board "23"]
[WhiteElo "1105"]
[BlackElo "1275"]
[WhiteClock "01:11:59"]
[BlackClock "00:59:20"]
[PlyCount "104"]
[WhiteFideId "533001774"]
[BlackFideId "34696822"]
[EventCountry "GER"]
[EventRounds "11"]
[EventType "swiss"]
[EventDate "2024.05.18"]

1. e4 {[%clk 01:15:58]} c6 {[%clk 01:15:56]} {[%emt 00:00:05]} 2. d4 {[%clk
01:16:21]} {[%emt 00:00:06]} d5 {[%clk 01:16:25]} {[%emt 00:00:02]} 3. exd5
{[%clk 01:16:35]} {[%emt 00:00:16]} cxd5 {[%clk 01:16:48]} {[%emt 00:00:07]} 4.
Bd3 {[%clk 01:16:54]} {[%emt 00:00:10]} Nc6 {[%clk 01:17:03]} {[%emt 00:00:16]}
5. c3 {[%clk 01:17:03]} {[%emt 00:00:21]} Nf6 {[%clk 01:16:28]} {[%emt
00:01:05]} 6. Bf4 {[%clk 01:17:21]} {[%emt 00:00:12]} g6 {[%clk 01:15:57]}
{[%emt 00:01:01]} 7. Nf3 {[%clk 01:17:11]} {[%emt 00:00:39]} Bg4 {[%clk
01:16:12]} {[%emt 00:00:16]} 8. Nbd2 {[%clk 01:17:20]} {[%emt 00:00:21]} Bg7
{[%clk 01:16:09]} {[%emt 00:00:33]} 9. O-O {[%clk 01:17:35]} {[%emt 00:00:14]}
O-O {[%clk 01:15:34]} {[%emt 00:01:05]} 10. h3 {[%clk 01:17:38]} {[%emt
00:00:27]} Bxf3 {[%clk 01:15:32]} {[%emt 00:00:32]} 11. Nxf3 {[%clk 01:17:57]}
{[%emt 00:00:11]} Nd7 {[%clk 01:15:48]} {[%emt 00:00:15]} 12. Qb3 {[%clk
01:17:54]} {[%emt 00:00:33]} e5 {[%clk 01:12:32]} {[%emt 00:03:47]} 13. dxe5
{[%clk 01:17:54]} {[%emt 00:00:28]} Ndxe5 {[%clk 01:12:45]} {[%emt 00:00:17]}
14. Nxe5 {[%clk 01:18:00]} {[%emt 00:00:25]} Bxe5 {[%clk 01:12:33]} {[%emt
00:00:43]} 15. Qxb7 {[%clk 01:16:45]} {[%emt 00:01:43]} Bxf4 {[%clk 01:12:02]}
{[%emt 00:01:01]} 16. Qxc6 {[%clk 01:17:05]} {[%emt 00:00:10]} d4 {[%clk
01:12:16]} {[%emt 00:00:17]} 17. Rfd1 {[%clk 01:15:09]} {[%emt 00:02:26]} dxc3
{[%clk 01:10:46]} {[%emt 00:02:00]} 18. Qxc3 {[%clk 01:15:28]} {[%emt
00:00:11]} Qg5 {[%clk 01:10:23]} {[%emt 00:00:51]} 19. Be4 {[%clk 01:15:10]}
{[%emt 00:00:50]} Rac8 {[%clk 01:08:51]} {[%emt 00:02:02]} 20. Qa3 {[%clk
01:15:16]} {[%emt 00:00:24]} Rc7 {[%clk 01:07:26]} {[%emt 00:01:55]} 21. Qf3
{[%clk 01:14:52]} {[%emt 00:00:53]} Rfc8 {[%clk 01:05:37]} {[%emt 00:02:05]}
22. h4 {[%clk 01:15:01]} {[%emt 00:00:36]} Qe5 {[%clk 01:04:19]} {[%emt
00:01:47]} 23. g3 {[%clk 01:14:35]} {[%emt 00:00:57]} Bh6 {[%clk 01:04:03]}
{[%emt 00:00:46]} 24. b3 {[%clk 01:13:21]} {[%emt 00:01:44]} Rc1 {[%clk
01:03:53]} {[%emt 00:00:37]} 25. Raxc1 {[%clk 01:13:36]} {[%emt 00:00:17]} Rxc1
{[%clk 01:00:39]} {[%emt 00:03:45]} 26. Bd5 {[%clk 01:13:11]} {[%emt 00:00:55]}
Rxd1+ {[%clk 01:00:19]} {[%emt 00:00:49]} 27. Qxd1 {[%clk 01:13:33]} {[%emt
00:00:08]} Qb2 {[%clk 01:00:20]} {[%emt 00:00:29]} 28. Qf3 {[%clk 01:13:24]}
{[%emt 00:00:40]} Qc1+ {[%clk 00:59:55]} {[%emt 00:00:55]} 29. Kh2 {[%clk
01:13:38]} {[%emt 00:00:16]} Qc7 {[%clk 01:00:04]} {[%emt 00:00:20]} 30. a4
{[%clk 01:12:21]} {[%emt 00:01:48]} Qd7 {[%clk 00:58:20]} {[%emt 00:02:12]} 31.
Bc6 {[%clk 01:11:46]} {[%emt 00:01:07]} Qf5 {[%clk 00:58:17]} {[%emt 00:00:31]}
32. Qxf5 {[%clk 01:11:54]} {[%emt 00:00:24]} gxf5 {[%clk 00:58:38]} {[%emt
00:00:09]} 33. Bd7 {[%clk 01:12:09]} {[%emt 00:00:16]} f4 {[%clk 00:58:54]}
{[%emt 00:00:13]} 34. Kg2 {[%clk 01:12:21]} {[%emt 00:00:18]} fxg3 {[%clk
00:58:55]} {[%emt 00:00:28]} 35. fxg3 {[%clk 01:12:44]} {[%emt 00:00:07]} Bd2
{[%clk 00:59:10]} {[%emt 00:00:15]} 36. Kf3 {[%clk 01:12:53]} {[%emt 00:00:21]}
Kg7 {[%clk 00:58:59]} {[%emt 00:00:42]} 37. g4 {[%clk 01:12:43]} {[%emt
00:00:40]} h6 {[%clk 00:58:36]} {[%emt 00:00:53]} 38. Ke4 {[%clk 01:12:30]}
{[%emt 00:00:43]} Kf6 {[%clk 00:58:49]} {[%emt 00:00:16]} 39. Kd5 {[%clk
01:12:27]} {[%emt 00:00:33]} Be1 {[%clk 00:58:52]} {[%emt 00:00:28]} 40. h5
{[%clk 01:12:43]} {[%emt 00:00:14]} Kg5 {[%clk 00:59:07]} {[%emt 00:00:15]} 41.
Bf5 {[%clk 01:12:38]} {[%emt 00:00:35]} Kf6 {[%clk 00:59:20]} {[%emt 00:00:17]}
42. Kc5 {[%clk 01:12:42]} {[%emt 00:00:26]} Bd2 {[%clk 00:59:22]} {[%emt
00:00:28]} 43. b4 {[%clk 01:13:04]} {[%emt 00:00:08]} Ke7 {[%clk 00:59:27]}
{[%emt 00:00:25]} 44. b5 {[%clk 01:13:16]} {[%emt 00:00:18]} Be3+ {[%clk
00:59:18]} {[%emt 00:00:39]} 45. Kc6 {[%clk 01:13:33]} {[%emt 00:00:14]} Bb6
{[%clk 00:58:52]} {[%emt 00:00:55]} 46. Kb7 {[%clk 01:13:39]} {[%emt 00:00:25]}
Kd6 {[%clk 00:58:26]} {[%emt 00:00:55]} 47. g5 {[%clk 01:12:08]} {[%emt
00:02:00]} Ke7 {[%clk 00:58:45]} {[%emt 00:00:11]} 48. gxh6 {[%clk 01:11:28]}
{[%emt 00:01:11]} Kf8 {[%clk 00:59:07]} {[%emt 00:00:08]} 49. h7 {[%clk
01:11:45]} {[%emt 00:00:16]} Kg7 {[%clk 00:59:18]} {[%emt 00:00:16]} 50. h6
{[%clk 01:12:02]} {[%emt 00:00:14]} Kh8 {[%clk 00:59:24]} {[%emt 00:00:23]} 51.
a5 {[%clk 01:11:37]} {[%emt 00:00:55]} Bxa5 {[%clk 00:59:34]} {[%emt 00:00:20]}
52. Kxa7 {[%clk 01:11:59]} {[%emt 00:00:08]} f6 {[%clk 00:59:20]} {[%emt
00:00:44]} 1/2-1/2